[Event "I Festival Juan Martinez Sola 2014"]
[Site "Almería ESP"]
[Date "2014.12.27"]
[Round "5.4"]
[White "Rubio Tapia, Jose Juan"]
[Black "Sanchez Martinez, Andres"]
[Result "1/2-1/2"]
[WhiteElo "2071"]
[BlackElo "2014"]
[PlyCount "104"]
[EventDate "2014.12.26"]
[EventType "swiss"]
[EventRounds "7"]
[EventCountry "ESP"]
[Source "lmi"]
[SourceDate "2014.12.26"]

1. d4 Nf6 2. c4 g6 3. Nc3 d5 4. Bg5 Ne4 5. Bf4 Nxc3 6. bxc3 Bg7 7. e3 c5 8. Nf3
cxd4 9. cxd4 Nc6 10. cxd5 Qxd5 11. Be2 Qa5+ 12. Qd2 Qxd2+ 13. Kxd2 O-O 14. Bb5
Bd7 15. Rhc1 Rfd8 16. Bc7 Rdc8 17. Bg3 a6 18. Ba4 Nxd4 19. Nxd4 Bxa4 20. Rab1
Rd8 21. Ke1 Bxd4 22. exd4 Bc6 23. f3 Rxd4 24. Bf2 Rd5 25. Bb6 f6 26. Rb2 Kf7
27. Rc3 e5 28. Kf2 Re8 29. Re3 Rb5 30. Rxb5 Bxb5 31. Rc3 Re7 32. Bd8 Rd7 33.
Rc7 Ke6 34. Rxd7 Bxd7 35. Ke3 Bc6 36. g3 Kf5 37. a3 h5 38. g4+ hxg4 39. fxg4+
Ke6 40. h4 f5 41. gxf5+ gxf5 42. Bc7 f4+ 43. Kf2 Kf5 44. h5 e4 45. h6 e3+ 46.
Ke2 Bb5+ 47. Kf3 e2 48. Kf2 Kg6 49. Bxf4 Bd3 50. Bd2 Bb5 51. Kf3 e1=Q 52. Bxe1
Kxh6 1/2-1/2

[Event "I Festival Juan Martinez Sola 2014"]
[Site "Almería ESP"]
[Date "2014.12.27"]
[Round "5.5"]
[White "Arboledas Fernandez, Antonio A"]
[Black "Diaz Castro, Ismael"]
[Result "0-1"]
[WhiteElo "2145"]
[BlackElo "1969"]
[PlyCount "62"]
[EventDate "2014.12.26"]
[EventType "swiss"]
[EventRounds "7"]
[EventCountry "ESP"]
[Source "lmi"]
[SourceDate "2014.12.26"]

1. d4 c5 2. e3 Nf6 3. Bd3 g6 4. c3 d6 5. a3 Bg7 6. Ne2 O-O 7. e4 cxd4 8. cxd4
Nc6 9. Nbc3 Bd7 10. h3 Rc8 11. Be3 a6 12. b4 e5 13. d5 Nd4 14. Rc1 Nh5 15. Bb1
Nxe2 16. Nxe2 f5 17. Rxc8 Qxc8 18. f3 Bb5 19. Bd3 fxe4 20. fxe4 Qd8 21. Rf1 Nf4
22. Bxf4 exf4 23. Bxb5 axb5 24. Qd3 Qh4+ 25. Kd1 Qf6 26. Ke1 Rc8 27. Rxf4 Qa1+
28. Kf2 Bc3 29. Nxc3 Rxc3 30. Qxb5 Rc2+ 31. Kg3 Qe5 0-1

[Event "I Festival Juan Martinez Sola 2014"]
[Site "Almería ESP"]
[Date "2014.12.27"]
[Round "5.6"]
[White "Bernabeu Lopez, Carlos Javier"]
[Black "Garcia Castilla, Manuel"]
[Result "1-0"]
[WhiteElo "2125"]
[BlackElo "1936"]
[PlyCount "115"]
[EventDate "2014.12.26"]
[EventType "swiss"]
[EventRounds "7"]
[EventCountry "ESP"]
[Source "lmi"]
[SourceDate "2014.12.26"]

1. e4 c5 2. Nf3 d6 3. Bb5+ Bd7 4. Bxd7+ Qxd7 5. O-O Nc6 6. Nc3 e6 7. d3 g6 8.
Ne2 Bg7 9. c3 h6 10. Be3 Nf6 11. h3 b6 12. Qd2 g5 13. h4 gxh4 14. Nxh4 O-O-O
15. Nf3 h5 16. a4 Ng4 17. d4 Nxe3 18. Qxe3 Bh6 19. Qd3 Rdg8 20. Rfd1 e5 21.
dxc5 Qg4 22. Ne1 dxc5 23. a5 Rd8 24. Qa6+ Kc7 25. axb6+ axb6 26. Qc4 Bd2 27.
Ng3 Rd7 28. Qe2 Bxe1 29. Rxd7+ Kxd7 30. Qxe1 h4 31. Qd1+ Qxd1+ 32. Rxd1+ Kc7
33. Nf5 Nd8 34. Ra1 Rh7 35. Kh2 Ne6 36. Ra7+ Kc6 37. c4 Ng5 38. f3 h3 39. Re7
hxg2+ 40. Kxg2 f6 41. Rxh7 Nxh7 42. Ne7+ Kb7 43. Nd5 Ka6 44. Kg3 b5 45. Nc7+
Ka5 46. Nxb5 Kb4 47. Nd6 Ng5 48. Kg4 Ne6 49. Kf5 Nd4+ 50. Kxf6 Nxf3 51. Ke6 Ne1
52. Kxe5 Nd3+ 53. Kf5 Nxb2 54. e5 Nxc4 55. Nxc4 Kxc4 56. e6 Kb3 57. e7 c4 58.
e8=Q 1-0

[Event "I Festival Juan Martinez Sola 2014"]
[Site "Almería ESP"]
[Date "2014.12.27"]
[Round "5.7"]
[White "Puertas Martin, Savins"]
[Black "Uroz Torres, David"]
[Result "1-0"]
[WhiteElo "2077"]
[BlackElo "1926"]
[PlyCount "69"]
[EventDate "2014.12.26"]
[EventType "swiss"]
[EventRounds "7"]
[EventCountry "ESP"]
[Source "lmi"]
[SourceDate "2014.12.26"]

1. e4 e6 2. d4 d5 3. Nd2 Nf6 4. e5 Nfd7 5. f4 c5 6. c3 Nc6 7. Ndf3 Qb6 8. Ne2
f6 9. a3 Be7 10. Ng3 cxd4 11. cxd4 O-O 12. b4 fxe5 13. dxe5 Ndxe5 14. fxe5 Nxe5
15. Bb2 Qe3+ 16. Be2 Nxf3+ 17. gxf3 Bf6 18. Bxf6 Rxf6 19. Qd2 Rxf3 20. Qxe3
Rxe3 21. Kd2 d4 22. Rac1 Bd7 23. Rc7 Bc6 24. Rf1 Rf8 25. Rxf8+ Kxf8 26. Bd3 Rf3
27. Bc4 e5 28. b5 Bxb5 29. Bxb5 Rxa3 30. Bc4 Rc3 31. Nf5 Ke8 32. Nxg7+ Kf8 33.
Ne6+ Kg8 34. Nxd4+ Kf8 35. Kxc3 1-0

[Event "I Festival Juan Martinez Sola 2014"]
[Site "Almería ESP"]
[Date "2014.12.27"]
[Round "5.8"]
[White "Balbuena Fuentes, Mario"]
[Black "Cano Rivera, Miguel Angel"]
[Result "1-0"]
[WhiteElo "2015"]
[BlackElo "1811"]
[PlyCount "87"]
[EventDate "2014.12.26"]
[EventType "swiss"]
[EventRounds "7"]
[EventCountry "ESP"]
[Source "lmi"]
[SourceDate "2014.12.26"]

1. e4 e6 2. d4 d5 3. Nd2 dxe4 4. Nxe4 Nf6 5. Nxf6+ Qxf6 6. Nf3 Qd8 7. Bd3 Nd7
8. Qe2 Nf6 9. Bg5 Be7 10. O-O-O c6 11. Kb1 a5 12. Ne5 Qb6 13. Rhe1 a4 14. Nc4
Qd8 15. Qe5 b5 16. Nd2 O-O 17. Ne4 Bd7 18. h4 b4 19. Nxf6+ Bxf6 20. Qe4 g6 21.
Bh6 Bg7 22. Bxg7 Kxg7 23. h5 Qg5 24. Qe5+ Qxe5 25. Rxe5 f6 26. Rc5 f5 27. Be2
g5 28. Bf3 Ra6 29. Be2 Raa8 30. Bc4 g4 31. Re1 Kf6 32. Bxe6 Bxe6 33. Rxc6 Rac8
34. Rcxe6+ Kg5 35. Rd1 Kxh5 36. Rb6 Rfe8 37. Rxb4 Re2 38. Rf1 Rce8 39. Kc1 Re1+
40. Rxe1 Rxe1+ 41. Kd2 Rg1 42. g3 Kg5 43. d5 Kf6 44. Rd4 1-0

[Event "I Festival Juan Martinez Sola 2014"]
[Site "Almería ESP"]
[Date "2014.12.27"]
[Round "5.9"]
[White "Perez Beltran, Jose Maria"]
[Black "Pastor Jimenez, Daniel"]
[Result "1/2-1/2"]
[WhiteElo "1896"]
[BlackElo "2003"]
[PlyCount "85"]
[EventDate "2014.12.26"]
[EventType "swiss"]
[EventRounds "7"]
[EventCountry "ESP"]
[Source "lmi"]
[SourceDate "2014.12.26"]

1. e4 c5 2. d4 cxd4 3. c3 d3 4. Bxd3 Nc6 5. Nf3 g6 6. O-O Bg7 7. Qe2 d6 8. h3
Nf6 9. Rd1 Nd7 10. Be3 O-O 11. Bc2 Qc7 12. Nbd2 a6 13. a4 b6 14. Nb3 Bb7 15.
Nfd2 Rfc8 16. f4 Nc5 17. Bf2 Nd8 18. Nxc5 dxc5 19. g3 Qc6 20. Nc4 a5 21. Kh2
Ne6 22. Ne3 Nc7 23. Rd2 Rd8 24. Rad1 Rxd2 25. Qxd2 Ne6 26. Qd7 Qxd7 27. Rxd7
Bc6 28. Rd1 Nc7 29. Nc4 Rb8 30. Be3 Kf8 31. g4 Be8 32. Kg3 Na8 33. h4 f6 34.
Bf2 Bf7 35. Na3 Ke8 36. Bd3 Be6 37. Bb5+ Kf7 38. c4 Nc7 39. Bc6 f5 40. gxf5
gxf5 41. e5 Bf8 42. Nb5 Nxb5 43. Bxb5 1/2-1/2

[Event "I Festival Juan Martinez Sola 2014"]
[Site "Almería ESP"]
[Date "2014.12.27"]
[Round "5.10"]
[White "Cezar Junior, William Carlos"]
[Black "Navarro Guirado, Javier"]
[Result "1-0"]
[WhiteElo "1985"]
[BlackElo "1702"]
[PlyCount "65"]
[EventDate "2014.12.26"]
[EventType "swiss"]
[EventRounds "7"]
[EventCountry "ESP"]
[Source "lmi"]
[SourceDate "2014.12.26"]

1. c4 c6 2. g3 Nf6 3. Bg2 d5 4. cxd5 cxd5 5. Nf3 Nc6 6. O-O Bg4 7. a3 Qd7 8. b4
a6 9. Bb2 Bh3 10. Qb3 Bxg2 11. Kxg2 e6 12. Nc3 Bd6 13. Na4 Rd8 14. Rac1 h5 15.
h4 e5 16. Nb6 Qf5 17. Nxd5 Nxd5 18. Qxd5 Be7 19. Qc4 e4 20. Nd4 Nxd4 21. Bxd4
Bxh4 22. Bb6 Ra8 23. d3 Bg5 24. f4 exf3+ 25. Rxf3 Qe6 26. Qxe6+ fxe6 27. Rc7
Bf6 28. Rxb7 Rh6 29. e4 Be7 30. d4 h4 31. g4 Rg6 32. Kh3 Rc8 33. Bc5 1-0

[Event "I Festival Juan Martinez Sola 2014"]
[Site "Almería ESP"]
[Date "2014.12.28"]
[Round "6.3"]
[White "Chacon Perez, Juan"]
[Black "Bernabeu Lopez, Carlos Javier"]
[Result "0-1"]
[WhiteElo "1953"]
[BlackElo "2125"]
[PlyCount "74"]
[EventDate "2014.12.26"]
[EventType "swiss"]
[EventRounds "7"]
[EventCountry "ESP"]
[Source "lmi"]
[SourceDate "2014.12.26"]

1. e4 e5 2. Nf3 Nf6 3. Nc3 Nc6 4. Bb5 Bc5 5. Nxe5 Nxe5 6. d4 Bd6 7. f4 Ng6 8.
e5 O-O 9. exd6 Re8+ 10. Be2 cxd6 11. f5 Nf8 12. Bg5 h6 13. Bh4 N8h7 14. Qd3 a6
15. O-O-O Qa5 16. Kb1 d5 17. g4 d6 18. Rhg1 Ne4 19. Nxe4 dxe4 20. Qg3 Qc7 21.
g5 Bxf5 22. gxh6 g6 23. Rdf1 Rac8 24. c3 Qd7 25. Qf4 Kh8 26. Bg4 Bxg4 27. Bf6+
Kg8 28. Rxg4 e3 29. Re1 Re6 30. Bg7 Rce8 31. Rg3 e2 32. Rf3 Re4 33. Qd2 Qg4 34.
Rg3 Qf5 35. Kc1 Qf2 36. d5 Qxh2 37. Rgg1 Qxg1 0-1

[Event "I Festival Juan Martinez Sola 2014"]
[Site "Almería ESP"]
[Date "2014.12.28"]
[Round "6.4"]
[White "Alvarez Morales, Miguel"]
[Black "Puertas Martin, Savins"]
[Result "1/2-1/2"]
[WhiteElo "1979"]
[BlackElo "2077"]
[PlyCount "163"]
[EventDate "2014.12.26"]
[EventType "swiss"]
[EventRounds "7"]
[EventCountry "ESP"]
[Source "lmi"]
[SourceDate "2014.12.26"]

1. e4 e5 2. Nf3 Nc6 3. Bb5 a6 4. Bxc6 dxc6 5. Nc3 Qf6 6. d4 exd4 7. Bg5 Qd6 8.
Nxd4 Be7 9. Bxe7 Nxe7 10. Qd2 c5 11. Nde2 Qxd2+ 12. Kxd2 Be6 13. Nf4 O-O-O+ 14.
Ke3 Bd7 15. Nd3 b6 16. a4 Nc6 17. b3 Nd4 18. Ra2 a5 19. Ne2 Rhe8 20. Nxd4 cxd4+
21. Kf4 f6 22. Re1 Re6 23. Raa1 Rc6 24. Re2 Rc3 25. f3 Be6 26. Rd1 Rc6 27. Red2
Rcd6 28. h4 c5 29. g4 Rc6 30. Nb2 Rd7 31. Nc4 g6 32. g5 Rf7 33. Kg3 h5 34. Rf2
Bxc4 35. bxc4 Re6 36. gxf6 Rfxf6 37. Re1 Rf7 38. f4 Rd7 39. Rf3 Rde7 40. e5 Rf7
41. Kf2 Kd7 42. Ke2 Rc6 43. Kd3 Re6 44. Ke4 Rf5 45. Rg1 Ke7 46. Rb3 Kf7 47.
Rgb1 Rff6 48. Rd1 Re7 49. Rbd3 Rc6 50. c3 Rec7 51. Kd5 Ke7 52. cxd4 cxd4 53.
Rxd4 Rc5+ 54. Ke4 Rxc4 55. Rb1 R7c6 56. Rb5 Rxd4+ 57. Kxd4 Ke6 58. Rb1 Ke7 59.
Rg1 Kd7 60. Rg5 Ke7 61. f5 gxf5 62. Rxh5 Rg6 63. Kd5 f4 64. Rh7+ Kf8 65. e6 Rg7
66. Rh5 Ke7 67. Rf5 Rh7 68. Ke5 Rxh4 69. Rf7+ Ke8 70. Rxf4 Rh1 71. Rd4 Re1+ 72.
Kd6 Rb1 73. Rc4 Rd1+ 74. Kc7 Ke7 75. Kxb6 Rd5 76. Rc6 Re5 77. Rc8 Rd5 78. Rc6
Re5 79. Kc7 Re4 80. Kb6 Rxa4 81. Rc7+ Kxe6 82. Ra7 1/2-1/2

[Event "I Festival Juan Martinez Sola 2014"]
[Site "Almería ESP"]
[Date "2014.12.28"]
[Round "6.5"]
[White "Diaz Castro, Ismael"]
[Black "Rubio Tapia, Jose Juan"]
[Result "0-1"]
[WhiteElo "1969"]
[BlackElo "2071"]
[PlyCount "68"]
[EventDate "2014.12.26"]
[EventType "swiss"]
[EventRounds "7"]
[EventCountry "ESP"]
[Source "lmi"]
[SourceDate "2014.12.26"]

1. e4 e5 2. Nf3 Nf6 3. Nc3 Bb4 4. Bc4 O-O 5. d3 d5 6. exd5 Nxd5 7. Bd2 Bxc3 8.
bxc3 Nc6 9. O-O Kh8 10. Ng5 f6 11. Qf3 Nce7 12. Ne4 c6 13. Rfe1 Ng6 14. Rab1 b6
15. a4 Be6 16. d4 Qd7 17. h3 Rae8 18. Bc1 Ndf4 19. Bxe6 Nxe6 20. Ba3 exd4 21.
Bxf8 Rxf8 22. Qf5 Qd5 23. Nd6 Ne5 24. cxd4 Nxd4 25. Rxe5 Qxd6 26. Qd3 fxe5 27.
Rd1 Qg6 28. Qc4 Qxc2 29. Qf1 Qe2 30. Re1 Qxf1+ 31. Kxf1 Re8 32. f4 e4 33. g4
Kg8 34. a5 e3 0-1

[Event "I Festival Juan Martinez Sola 2014"]
[Site "Almería ESP"]
[Date "2014.12.28"]
[Round "6.6"]
[White "Ortiz Aviles, Javier"]
[Black "Cezar Junior, William Carlos"]
[Result "1-0"]
[WhiteElo "2061"]
[BlackElo "1985"]
[PlyCount "127"]
[EventDate "2014.12.26"]
[EventType "swiss"]
[EventRounds "7"]
[EventCountry "ESP"]
[Source "lmi"]
[SourceDate "2014.12.26"]

1. d4 d5 2. Nf3 Nf6 3. e3 e6 4. Bd3 Be7 5. Nbd2 b6 6. Qe2 c5 7. b3 O-O 8. O-O
a5 9. Ne5 Ba6 10. Bxa6 Nxa6 11. Nc6 Qc7 12. Nxe7+ Qxe7 13. Bb2 Nb4 14. a3 Na6
15. Rac1 Nc7 16. dxc5 bxc5 17. e4 d4 18. a4 e5 19. Nc4 Ne6 20. Rce1 Nf4 21. Qf3
Ra6 22. Bc1 Ng6 23. Bd2 Qc7 24. g3 Nd7 25. Qd3 h5 26. Re2 Rfa8 27. f4 exf4 28.
gxf4 Ne7 29. Qf3 f5 30. e5 g6 31. Rg2 Qc6 32. Qxc6 Rxc6 33. Bxa5 Nf8 34. Kf2
Ne6 35. Bd2 Kh7 36. Rg3 Nd5 37. Ke2 Ra7 38. Kd1 Rd7 39. Kc1 Nb6 40. Nd6 c4 41.
Ne8 Ra7 42. Nf6+ Kh6 43. Rfg1 g5 44. Rh3 g4 45. Nxg4+ fxg4 46. Rxg4 cxb3 47.
f5+ Ng5 48. Rxg5 Rxc2+ 49. Kb1 Rb2+ 50. Kxb2 Nc4+ 51. Kxb3 Nxd2+ 52. Kc2 Kxg5
53. Kxd2 Kxf5 54. Rxh5+ Ke6 55. Rh6+ Kxe5 56. a5 Ke4 57. a6 Rg7 58. Rh4+ Ke5
59. Kd3 Ra7 60. Rh5+ Kf4 61. Ra5 Kg4 62. Ra2 Kf5 63. Kxd4 Ke6 64. Kc5 1-0

[Event "I Festival Juan Martinez Sola 2014"]
[Site "Almería ESP"]
[Date "2014.12.28"]
[Round "6.7"]
[White "Ramos Suria, Felix"]
[Black "Espin Galvez, Fernando"]
[Result "0-1"]
[WhiteElo "2056"]
[BlackElo "1925"]
[PlyCount "94"]
[EventDate "2014.12.26"]
[EventType "swiss"]
[EventRounds "7"]
[EventCountry "ESP"]
[Source "lmi"]
[SourceDate "2014.12.26"]

1. e4 c5 2. Nf3 Nc6 3. d4 cxd4 4. Nxd4 g6 5. Nc3 Bg7 6. Be3 Nf6 7. Bc4 O-O 8.
Bb3 a5 9. O-O a4 10. Nxa4 Nxe4 11. Nb5 Ra6 12. c4 d6 13. Qe2 Be6 14. Bb6 Rxb6
15. Nxb6 Qxb6 16. Qxe4 Bxb2 17. Rad1 Bf5 18. Qe2 Bg7 19. Bc2 Be6 20. Be4 h5 21.
h3 Ne5 22. Bd5 Bd7 23. Rb1 Rc8 24. Nc3 Qd4 25. Ne4 Rc7 26. Rfd1 Qa7 27. Nc3 e6
28. Be4 Nxc4 29. Rxb7 Rxb7 30. Bxb7 d5 31. Bxd5 exd5 32. Nxd5 Ne5 33. Kh1 Be6
34. f4 Nc6 35. Qc2 Nd4 36. Qc7 Qxc7 37. Nxc7 Bxa2 38. g4 h4 39. Kg2 Kf8 40. Kf2
f5 41. gxf5 Nxf5 42. Kf3 Ke7 43. Nd5+ Ke6 44. Nc7+ Kf7 45. Rd7+ Kf8 46. Kg4 Bf6
47. Nd5 Bxd5 0-1

[Event "I Festival Juan Martinez Sola 2014"]
[Site "Almería ESP"]
[Date "2014.12.28"]
[Round "6.9"]
[White "Pastor Jimenez, Daniel"]
[Black "Esquivias Quintero, Luis Manue"]
[Result "0-1"]
[WhiteElo "2003"]
[BlackElo "1758"]
[PlyCount "45"]
[EventDate "2014.12.26"]
[EventType "swiss"]
[EventRounds "7"]
[EventCountry "ESP"]
[Source "lmi"]
[SourceDate "2014.12.26"]

1. e4 Nf6 2. Nc3 e5 3. Nf3 Nc6 4. d4 Bb4 5. d5 Ne7 6. Qd3 Bxc3+ 7. bxc3 d6 8.
a4 a5 9. h3 O-O 10. Be2 Ng6 11. Bg5 h6 12. Bd2 Nh5 13. g3 Nf6 14. g4 Nh7 15.
Ng1 Bd7 16. Qg3 Nh4 17. Nf3 Nxf3+ 18. Bxf3 g5 19. h4 Kg7 20. hxg5 hxg5 21. Qh3
Rh8 22. Qh6+ Kg8 23. Bxg5 0-1

[Event "I Festival Juan Martinez Sola 2014"]
[Site "Almería ESP"]
[Date "2014.12.28"]
[Round "6.10"]
[White "Perez Beltran, Jose Maria"]
[Black "Diaz Rodriguez, Jose Antonio"]
[Result "1-0"]
[WhiteElo "1896"]
[BlackElo "1999"]
[PlyCount "77"]
[EventDate "2014.12.26"]
[EventType "swiss"]
[EventRounds "7"]
[EventCountry "ESP"]
[Source "lmi"]
[SourceDate "2014.12.26"]

1. e4 e6 2. d4 d5 3. Nd2 Nf6 4. e5 Nfd7 5. Bd3 c5 6. c3 cxd4 7. cxd4 Nc6 8. Ne2
f5 9. exf6 Nxf6 10. O-O Bd6 11. Nf3 O-O 12. Bf4 Bxf4 13. Nxf4 Qd6 14. g3 e5 15.
dxe5 Nxe5 16. Nxe5 Qxe5 17. Qe2 Qd6 18. Rad1 Bd7 19. Qd2 Bc6 20. Bf5 Rfe8 21.
Rfe1 Rxe1+ 22. Qxe1 Re8 23. Qd2 d4 24. Re1 Re5 25. Bd3 Ng4 26. Bc4+ Kh8 27. Nd3
Nxh2 28. Nxe5 Qxe5 29. Rxe5 Nf3+ 30. Kg2 Nxd2+ 31. Bd5 Nc4 32. Rf5 g6 33. Rf8+
Kg7 34. Rd8 Ne5 35. Bxc6 Nxc6 36. Rd7+ Kf6 37. Rxb7 Ke5 38. Kf3 Kd5 39. Ke2 1-0

[Event "I Festival Juan Martinez Sola 2014"]
[Site "Almería ESP"]
[Date "2014.12.28"]
[Round "7.3"]
[White "Rubio Tapia, Jose Juan"]
[Black "Lara Lopez, Sergio"]
[Result "0-1"]
[WhiteElo "2071"]
[BlackElo "2184"]
[PlyCount "146"]
[EventDate "2014.12.26"]
[EventType "swiss"]
[EventRounds "7"]
[EventCountry "ESP"]
[Source "lmi"]
[SourceDate "2014.12.26"]

1. d4 d5 2. c4 c6 3. Nc3 Nf6 4. Nf3 e6 5. e3 Bd6 6. Bd3 dxc4 7. Bxc4 b5 8. Bd3
Nbd7 9. O-O Bb7 10. e4 e5 11. d5 cxd5 12. Nxb5 Qe7 13. exd5 O-O 14. Re1 a6 15.
Nc3 Nc5 16. Bg5 h6 17. Bh4 Rae8 18. Bc2 a5 19. Nd4 Qd8 20. Nf5 Bc8 21. Qf3 Bxf5
22. Qxf5 Qc8 23. Qf3 Qg4 24. Qxg4 Nxg4 25. h3 Nf6 26. Nb5 Nb7 27. Ba4 Re7 28.
Nxd6 Nxd6 29. Bg3 Nfe4 30. Kh2 Rb8 31. Re2 f5 32. f3 Nxg3 33. Kxg3 e4 34. Rae1
Rf8 35. fxe4 Nxe4+ 36. Kh2 Rd8 37. Bc2 Rb7 38. Bd3 Rb4 39. b3 Nc3 40. Re8+ Rxe8
41. Rxe8+ Kf7 42. Ra8 a4 43. Bxf5 axb3 44. axb3 Nxd5 45. Ra5 Ne3 46. Bb1 Kf6
47. Ba2 Rd4 48. g4 Nd5 49. Kg3 Rd3+ 50. Kf2 Nc3 51. Ra6+ Ke5 52. Ra7 Rd2+ 53.
Ke3 Rxa2 54. Rxg7 Nd5+ 55. Kd3 Rh2 56. Kc4 Rxh3 57. g5 Rc3+ 58. Kb5 Rxb3+ 59.
Kc5 Rc3+ 60. Kb5 h5 61. g6 Rc8 62. Rh7 Nf6 63. Re7+ Kf5 64. g7 Kg6 65. Ra7 h4
66. Ra4 Kg5 67. Kb6 h3 68. Kb7 Rg8 69. Kc6 Rxg7 70. Kd6 h2 71. Ra5+ Kf4 72. Ke6
h1=Q 73. Rf5+ Kg4 0-1

[Event "I Festival Juan Martinez Sola 2014"]
[Site "Almería ESP"]
[Date "2014.12.28"]
[Round "7.4"]
[White "Puertas Martin, Savins"]
[Black "Perez Beltran, Jose Maria"]
[Result "1-0"]
[WhiteElo "2077"]
[BlackElo "1896"]
[PlyCount "95"]
[EventDate "2014.12.26"]
[EventType "swiss"]
[EventRounds "7"]
[EventCountry "ESP"]
[Source "lmi"]
[SourceDate "2014.12.26"]

1. e4 d6 2. d4 Nf6 3. Bd3 e5 4. d5 Be7 5. Ne2 O-O 6. f3 c6 7. c4 Na6 8. Be3 Nb4
9. Nbc3 Nxd3+ 10. Qxd3 Bd7 11. O-O Ne8 12. g4 g6 13. dxc6 bxc6 14. Rad1 Bg5 15.
Bf2 Be6 16. b3 Qe7 17. Kg2 Rd8 18. Rh1 Bh4 19. Bxh4 Qxh4 20. Qe3 f5 21. gxf5
gxf5 22. Rhg1 Rf7 23. Kh1+ Ng7 24. Qg5 Qxg5 25. Rxg5 h6 26. Rg2 f4 27. Nc1 Kh7
28. Nd3 Rfd7 29. Nb4 Rc8 30. Rgd2 Ne8 31. Na4 c5 32. Nd5 Rg7 33. Nac3 a6 34.
Rg1 Rxg1+ 35. Kxg1 Rb8 36. Kf2 Rb7 37. Rd1 Bh3 38. Rg1 Rf7 39. a3 Rb7 40. b4
Be6 41. b5 axb5 42. cxb5 Bxd5 43. exd5 Nf6 44. a4 Nd7 45. a5 c4 46. b6 Nc5 47.
Ne4 Nd3+ 48. Ke2 1-0

[Event "I Festival Juan Martinez Sola 2014"]
[Site "Almería ESP"]
[Date "2014.12.28"]
[Round "7.5"]
[White "Sanchez Martinez, Andres"]
[Black "Espin Galvez, Fernando"]
[Result "0-1"]
[WhiteElo "2014"]
[BlackElo "1925"]
[PlyCount "50"]
[EventDate "2014.12.26"]
[EventType "swiss"]
[EventRounds "7"]
[EventCountry "ESP"]
[Source "lmi"]
[SourceDate "2014.12.26"]

1. d4 Nf6 2. c4 c5 3. d5 b5 4. Nd2 g6 5. e4 d6 6. b3 Bg7 7. Bb2 O-O 8. Ngf3 Bg4
9. Qc2 bxc4 10. Bxc4 Nbd7 11. O-O Nb6 12. Rfe1 Nxc4 13. bxc4 Rb8 14. Bc3 Nd7
15. Rab1 Qc7 16. Rb3 Rxb3 17. Nxb3 Bxf3 18. Bxg7 Kxg7 19. Qc3+ Kg8 20. Qxf3 Rb8
21. Qc3 Rb4 22. f4 Nb6 23. Na5 Na4 24. Qh3 Qxa5 25. Qc8+ Kg7 0-1

[Event "I Festival Juan Martinez Sola 2014"]
[Site "Almería ESP"]
[Date "2014.12.28"]
[Round "7.6"]
[White "Esquivias Quintero, Luis Manue"]
[Black "Alvarez Morales, Miguel"]
[Result "1/2-1/2"]
[WhiteElo "1758"]
[BlackElo "1979"]
[PlyCount "94"]
[EventDate "2014.12.26"]
[EventType "swiss"]
[EventRounds "7"]
[EventCountry "ESP"]
[Source "lmi"]
[SourceDate "2014.12.26"]

1. e4 g6 2. d4 c6 3. Nc3 Bg7 4. Be3 d5 5. f3 Qa5 6. Qd2 dxe4 7. fxe4 Nf6 8. h3
b5 9. Bd3 Nh5 10. Nge2 Na6 11. O-O Qc7 12. a4 b4 13. Na2 Rb8 14. Rf2 O-O 15.
Bxa6 Bxa6 16. Nxb4 Bxe2 17. Rxe2 Ng3 18. Na6 Nxe2+ 19. Qxe2 Qb6 20. Nxb8 Rxb8
21. b3 Bxd4 22. Re1 e5 23. Bxd4 Qxd4+ 24. Qf2 c5 25. Rf1 Rb4 26. Qxd4 Rxd4 27.
Rf6 c4 28. Ra6 cxb3 29. cxb3 Rxe4 30. Rxa7 Rb4 31. Ra5 Rxb3 32. Rxe5 Ra3 33.
Re8+ Kg7 34. Ra8 Ra2 35. a5 h5 36. a6 g5 37. Kh2 h4 38. Ra7 Kg6 39. Ra8 Ra1 40.
a7 Kg7 41. g4 Ra3 42. Kg2 Kf6 43. Kf2 Ra2+ 44. Ke3 Kg7 45. Kf3 Kf6 46. Ke3 Ke7
47. Kf3 Ra5 1/2-1/2

[Event "I Festival Juan Martinez Sola 2014"]
[Site "Almería ESP"]
[Date "2014.12.28"]
[Round "7.7"]
[White "Salmeron Cerdan, Antonio"]
[Black "Garcia Molina, Francisco Migue"]
[Result "1/2-1/2"]
[WhiteElo "1887"]
[BlackElo "2152"]
[PlyCount "94"]
[EventDate "2014.12.26"]
[EventType "swiss"]
[EventRounds "7"]
[EventCountry "ESP"]
[Source "lmi"]
[SourceDate "2014.12.26"]

1. Nf3 c5 2. e4 d6 3. d4 cxd4 4. Nxd4 Nf6 5. Nc3 a6 6. Be3 e6 7. f3 Be7 8. Qd2
Qc7 9. O-O-O O-O 10. g4 Nc6 11. h4 b5 12. Kb1 Ne5 13. h5 Nfd7 14. f4 Nxg4 15.
Bh3 Nxe3 16. Qxe3 Bf6 17. h6 g6 18. f5 Nc5 19. fxe6 fxe6 20. Rhf1 b4 21. Nce2
e5 22. Nb3 Bxh3 23. Qxh3 Qc8 24. Qe3 Be7 25. Qd2 Rxf1 26. Rxf1 Rb8 27. Nec1 Qe6
28. Nxc5 dxc5 29. Nb3 Rd8 30. Nxc5 Rxd2 31. Nxe6 Rh2 32. Nc7 Rxh6 33. Nd5 Bg5
34. Nxb4 Bf4 35. c4 g5 36. Nd5 Kf7 37. b4 Rc6 38. c5 h5 39. Ne3 Ke6 40. Nf5 h4
41. Rh1 Rc8 42. Rd1 h3 43. Rd6+ Kf7 44. Rh6 h2 45. Nd6+ Kg7 46. Nf5+ Kf7 47.
Nd6+ Kg7 1/2-1/2

[Event "I Festival Juan Martinez Sola 2014"]
[Site "Almería ESP"]
[Date "2014.12.28"]
[Round "7.8"]
[White "Garcia Navarro, Jose Jesus"]
[Black "Arboledas Fernandez, Antonio A"]
[Result "0-1"]
[WhiteElo "1750"]
[BlackElo "2145"]
[PlyCount "78"]
[EventDate "2014.12.26"]
[EventType "swiss"]
[EventRounds "7"]
[EventCountry "ESP"]
[Source "lmi"]
[SourceDate "2014.12.26"]

1. e4 e6 2. d4 d5 3. e5 c5 4. c3 Nc6 5. Nf3 Qb6 6. a3 c4 7. Nbd2 f6 8. Rb1 Qc7
9. exf6 Nxf6 10. b3 b5 11. Be2 Bd6 12. h3 O-O 13. O-O Bd7 14. a4 a6 15. Ra1
Rfc8 16. bxc4 bxc4 17. Ba3 Bxa3 18. Rxa3 Rab8 19. Qc2 Be8 20. Nh2 Bg6 21. Qc1
e5 22. Ndf3 exd4 23. Nxd4 Qe7 24. Ra2 Nxd4 25. cxd4 Re8 26. Bd1 Bd3 27. Nf3 Rb1
28. Qd2 Ne4 29. Qe1 Bxf1 30. Kxf1 Rxd1 31. Qxd1 Nc3 32. Qc2 Nxa2 33. Qxa2 Qe4
34. Kg1 Rb8 35. Qd2 h6 36. Ne5 Rb6 37. Qa2 Qb1+ 38. Qxb1 Rxb1+ 39. Kh2 c3 0-1

[Event "I Festival Juan Martinez Sola 2014"]
[Site "Almería ESP"]
[Date "2014.12.28"]
[Round "7.9"]
[White "Silva Lucena, Cristian"]
[Black "Uroz Torres, David"]
[Result "1-0"]
[WhiteElo "2136"]
[BlackElo "1926"]
[PlyCount "79"]
[EventDate "2014.12.26"]
[EventType "swiss"]
[EventRounds "7"]
[EventCountry "ESP"]
[Source "lmi"]
[SourceDate "2014.12.26"]

1. e4 e6 2. d4 d5 3. e5 c5 4. c3 Nc6 5. Nf3 Qb6 6. a3 c4 7. Nbd2 Na5 8. g3 Bd7
9. Bh3 Be7 10. O-O O-O-O 11. Ne1 Kb8 12. Ng2 f6 13. exf6 Nxf6 14. Nf3 Nb3 15.
Rb1 Bd6 16. Re1 Nxc1 17. Qxc1 Rde8 18. Ne5 Bc7 19. f3 Re7 20. Nf4 Bc8 21. Qd1
g5 22. Ng2 Rg8 23. b3 Bxe5 24. Rxe5 Qc6 25. Qe2 h5 26. Ne3 cxb3 27. Rxb3 Ree8
28. Nd1 g4 29. fxg4 hxg4 30. Bg2 Qa4 31. Qc2 Nd7 32. Rxb7+ Bxb7 33. Qxa4 Nxe5
34. dxe5 Rc8 35. Qb4 Rc6 36. Bf1 Rb6 37. Qd4 Rb1 38. Be2 Rf8 39. Qxg4 Rb6 40.
h4 1-0